000 00930nam a22001817a 4500
999 _c61911
_d61911
003 Ge_BSU
005 20240607115522.0
008 240607s ge ||||| |||| 00| 0 geo d
041 _ageo
080 _a61 შ-82
100 _aშონშტაინი, ლ.
_922353
245 _a ავადმყოფზე დაკვირვება :
_bსახელმძღვანელო მედდებისათვის /
_cლოტე შონშტაინი; მთარგმნელი ლ. ზაუტაშვილი, თ. ვაშაკიძე, ნ. ბაქანიძე.
300 _a98 გვ. ;
_b20 სმ.
700 _aზაუტაშვილი, ლ.
_eმთარგმნელი
_922354
700 _aვაშაკიძე, თ.
_eმთარგმნელი
_911709
700 _aბაქანიძე, ნ.
_eმთარგმნელი
_922355
942 _2udc
_cBK